| 000 | 00466cam a2200169 i 4500 | ||
|---|---|---|---|
| 020 | _a0877350612 | ||
| 040 | _cDLC | ||
| 082 | 0 | 0 | _a363 FRE 1975 A077 Or. |
| 245 | 0 | 0 | _aEnvironmental impact assessment / |
| 260 |
_aSan Francisco, CA : _bFreeman, Cooper, _cc1975. |
||
| 300 |
_a277 p. : _bill. ; _c25 cm. |
||
| 500 | _aIncludes index. | ||
| 650 | 0 | _aEnvironmental impact statements | |
| 650 | 0 | _aEnvironmental protection | |
| 700 | 1 | _aCorwin, Ruthann, | |
| 942 | _cEK | ||
| 999 |
_c15534 _d15534 |
||